Normal view
MARC view
- اعداد: حسانين، جاد الرب عبد السميع
Entry Personal Name
001 - CONTROL NUMBER
- control field: 33908
003 - CONTROL NUMBER IDENTIFIER
- control field: JO-AjAnu
005 - DATE AND TIME OF LATEST TRANSACTION
- control field: 20230606075702.0
008 - FIXED-LENGTH DATA ELEMENTS
- fixed length control field: 230606|| aca||aabn | a|a d
040 ## - CATALOGING SOURCE
- Original cataloging agency: JO-AjAnu
- Transcribing agency: JO-AjAnu
100 ## - HEADING--PERSONAL NAME
- Personal name: اعداد: حسانين، جاد الرب عبد السميع
670 ## - SOURCE DATA FOUND
- Source citation: Work cat.: (JO-AjAnu)17416: اعداد: حسانين، جاد الرب عبد السميع, author, خصائص المنظمة المتعلمة وأثرها في تنمية قدرات التفكير الابتكاري : دراسة تطبيقية علي بعض المنظمات الخدمية والصناعية التابعة لقطاع الأعمال العام بمحافظة الدقهلية